[Event "NED-ch U18 op"]
[Site "Hoogkerk"]
[Date "2024.05.01"]
[Round "5"]
[White "Labruyere, Roger"]
[Black "Leorato, Imanol"]
[Result "1-0"]
[WhiteElo "2267"]
[BlackElo "1837"]
[PlyCount "129"]
[EventDate "2024.04.27"]
[EventType "swiss"]
[EventRounds "7"]
[EventCountry "NED"]
[SourceTitle "CB19_2024"]
[SourceDate "2024.05.08"]
[SourceVersion "1"]
[SourceVersionDate "2024.05.08"]
[SourceQuality "1"]

1. e4 c5 2. Nf3 Nc6 3. c3 d5 4. exd5 Qxd5 5. d4 Bg4 6. Be2 cxd4 7. cxd4 e6 8. Nc3 Qa5 9. 0-0 Nf6 10. h3 Bh5 11. a3 Rd8 12. Be3 Bd6 13. b4 Qc7 14. Nb5 Qb8 15. Nxd6+ Qxd6 16. b5 Ne7 17. Qa4 0-0 18. Qxa7 b6 19. Qa4 Nfd5 20. Qb3 f5 21. Bg5 h6 22. Bxe7 Qxe7 23. Bc4 Nf4 24. Rad1 g5 25. Rfe1 Bxf3 26. Qxf3 Rd6 27. a4 Rfd8 28. d5 e5 29. g3 Nxh3+ 30. Kg2 Qf6 31. Qe3 g4 32. Qxe5 Ng5 33. Qxf6 Rxf6 34. d6+ Kf8 35. d7 Ne4 36. Bd5 Rxd7 37. Bxe4 Rxd1 38. Rxd1 fxe4 39. Rd4 Re6 40. Kf1 e3 41. Rxg4 exf2 42. Kxf2 Ke7 43. Rc4 Kd7 44. Kf3 h5 45. Kf4 Rg6 46. Kf3 Re6 47. Kg2 Rg6 48. Kh3 Re6 49. Kh4 Rg6 50. Rc3 Rg4+ 51. Kxh5 Rxa4 52. Rc6 Rb4 53. Rxb6 Ke7 54. g4 Kf7 55. Kg5 Rb1 56. Rb7+ Ke6 57. Kg6 Rg1 58. g5 Rb1 59. b6 Rb2 60. Rf7 Rb1 61. Rf6+ Ke7 62. Kg7 Rb2 63. g6 Rb1 64. b7 Rb2 65. Rf8 1-0